| 000 | 00663nam a2200205Ia 4500 | ||
|---|---|---|---|
| 003 | BUBTL | ||
| 008 | 151213s9999 xx 000 0 und d | ||
| 082 | _a657/DOA | ||
| 100 |
_aFor Dos - Orderly Entry Version 6.1 - Usen Guide . _93547 |
||
| 245 |
_aAccpae Plaustm Accounting. _cFor Dos - Orderly Entry Version 6.1 - Usen Guide . |
||
| 260 |
_bAccpac International _cc1998 |
||
| 300 | _aill . ; 23cm. | ||
| 500 | _aIncludes Index | ||
| 650 |
_aAccounting _93548 |
||
| 650 |
_aAccounting _93548 |
||
| 700 |
_aFor Dos - Orderly Entry Version 6.1 - Usen Guide . _93547 |
||
| 856 |
_k0 _l0 _yDownload |
||
| 942 |
_2ddc _cBK |
||
| 999 |
_c1188 _d1188 |
||